000 01383nam a2200373 a 4500
001 22815
003 SK-KTurca
005 20260428150536.0
008 000816s1982 xo g 000 1 slo c
035 _aUKB000088867
040 _aBAA001
_bslo
_cBAA001
_eAACR2
041 1 _aslo
_hrus
044 _axo
_cSK
084 _aW 6(2=KI)-644
_2UKB
100 1 _aAjtmatov, Čingiz,
_d1928-2008
245 1 0 _aDžamila ; Zoči-voči ; Topoľček môj v červenej šatôčke ; Prvý učiteľ ; Materinské pole ; Stretnutie so synom ; Zbohom, gulsary ; Biela loď ; Strakatý pes bežiaci po brehu mora
_cČingiz Torekulovič Ajtmatov ; z rus. orig. Povesti i rasskazy, Belyj parachod prel. Elena Krišková ; dosl. nap. Ján Števček
260 _aBratislava
_bPravda
_c1982
300 _a785 s.
490 1 _aKnižnica laureátov Leninovej ceny
500 _aRozlož. tit. list
500 _aDokument obsahuje viacero diel autora
700 1 _aKrišková, Elena,
_d1927-
_4trl
700 1 _aŠtevček, Ján
_4aft
740 0 2 _aZoči-voči
740 0 2 _aTopoľček môj v červenej šatôčke
740 0 2 _aPrvý učiteľ
740 0 2 _aMaterinské pole
740 0 2 _aStretnutie so synom
740 0 2 _aZbohom, gulsary
740 0 2 _aBiela loď
740 0 2 _aStrakatý pes bežiaci po brehu mora
830 0 _aKnižnica laureátov Leninovej ceny
942 _2ddc
_cKLDO
_n0
999 _c22815
_d22815